Roblox The Hunt Games - Statistics

General Stats
  • This quiz has been taken 92 times
  • The average score is 9 of 100
Answer Stats
Game % Correct
World // Zero
100%
Adopt Me!
58%
Piggy
42%
Doors
39%
Arsenal
28%
Blade Ball
23%
Dress To Impress
21%
Pet Simulator 99
20%
The Strongest Battlegrounds
17%
3008
15%
Natural Disaster Survival
15%
Pull a Sword
15%
Toilet Tower Defense
15%
Tower Defense Simulator
15%
Arm Wrestle Simulator
14%
Royale High
14%
BedWars
13%
Bike of Hell
11%
Brookhaven RP
11%
Livetopia
11%
Ninja Legends
11%
Restaurant Tycoon 2
11%
All Star Tower Defense
10%
Death Ball
10%
Football Fusion 2
10%
Funky Friday
10%
Muscle Legends
10%
My Restaurant!
10%
Slap Battles
10%
Spray Paint!
10%
Car Dealership Tycoon
8%
Club Roblox
8%
Driving Empire
8%
Gunfight Arena
8%
Legends of Speed
8%
Lumberjack Simulator
8%
Steep Steps
8%
The Floor is Lava!
8%
The Mimic
8%
Barry's Prison Run Obby!
7%
Combat Warriors
7%
Lumber Tycoon 2
7%
PLS DONATE
7%
Project Smash
7%
Sonic Speed Simulator
7%
Total Roblox Drama
7%
Anime Dimensions Simulator
6%
Astro Renaissance
6%
A Wolf Or Other
6%
Car Crushers 2
6%
Cheese TD
6%
Collect All Pets!
6%
Fruit Battlegrounds
6%
Greenville
6%
Metro Life
6%
Shindo Life
6%
SpongeBob Simulator
6%
Survive the Killer!
6%
Berry Avenue RP
4%
BIG Paintball 2!
4%
Break In 2
4%
Carry a Friend!
4%
Catalog Avatar Creator
4%
Dungeon Quest!
4%
Emergency Hamburg
4%
Mega Hide and Seek
4%
Snowboard Obby
4%
Treasure Hunt Simulator
4%
Undead Defense Tycoon
4%
Bayside High School
3%
Creatures of Sonaria
3%
Deadly Decisions
3%
Dragon Adventures
3%
Drive World
3%
Escape Running Head
3%
Life Together RP
3%
Maple Hospital
3%
Mega Mansion Tycoon
3%
Military Tycoon
3%
Murderers VS Sheriffs Duels
3%
My Hello Kitty Cafe
3%
Need More Friends
3%
Obby But You're On a Bike
3%
SCP: Roleplay
3%
Strongman Simulator
3%
Super League Soccer
3%
The Survival Game
3%
Tsunami Game
3%
War Tycoon
3%
RB Battles Minigames
1%
Twilight Daycare
1%
War Machines
1%
Warrior Cats: Ultimate Edition
1%
Weapon Fighting Simulator
1%
Wild Horse Islands
1%
Elemental Powers Tycoon
0%
Emergency Response: Liberty County
0%
Redcliff City RP
0%
S6 Ultimate Football
0%
Swordburst 3 Boss
0%
No matching quizzes found
Score Distribution
Percent of People with Each Score
Percentile by Number Answered
Your Score History
You have not taken this quiz